Famous Movies by Picture #2 - Statistics

General Stats
  • This quiz has been taken 1,977 times
    689 since last reset
  • The average score is 14 of 16
Answer Stats
Picture Answer % Correct
Superman
99%
Jurassic Park
98%
Pinocchio
98%
Shrek
98%
Thor
98%
The Many Adventures of Winnie the Pooh
97%
Up
95%
Mary Poppins
94%
The Pink Panther
94%
The Smurfs
93%
The Terminator
88%
Zootopia
86%
The Muppets
84%
Ice Age
78%
The Sound of Music
77%
Blade Runner
38%
No matching quizzes found
Score Distribution
Percent of People with Each Score
Percentile by Number Answered
Your Score History
You have not taken this quiz since the last reset